El crimen de Woodrow Wilson / (Registro nro. 117983)

Detalles MARC
000 -LEADER
campo de control de longitud fija 00622nam a2200193 i 4500
001 - NÚMERO DE CONTROL
campo de control 117983
003 - IDENTIFICADOR DE NÚMERO DE CONTROL
campo de control ES-MaACL
005 - FECHA Y HORA DE LA ÚLTIMA TRANSACCIÓN
campo de control 20230906191016.0
007 - CAMPO FIJO DE DESCRIPCIÓN FÍSICA--INFORMACIÓN GENERAL
campo de control de longitud fija t|
008 - DATOS DE LONGITUD FIJA--INFORMACIÓN GENERAL
campo de control de longitud fija 070214s1917 sp r ||||1| spa d
100 1# - ENTRADA PRINCIPAL--NOMBRE DE PERSONA
Nombre de persona Pereyra, Carlos,
Fechas asociadas al nombre 1871-1942
9 (RLIN) 90541
245 13 - MENCIÓN DEL TÍTULO
Título El crimen de Woodrow Wilson /
Mención de responsabilidad, etc. Carlos Pereyra ; prólogo de Rufino Blanco-Fombona.
260 ## - PUBLICACIÓN, DISTRIBUCIÓN, ETC.
Lugar de publicación, distribución, etc. Madrid :
Nombre del editor, distribuidor, etc. Juan Pueyo,
Fecha de publicación, distribución, etc. 1917.
300 ## - DESCRIPCIÓN FÍSICA
Extensión VIII, 124 p. ;
Dimensiones 20 cm.
651 #4 - PUNTO DE ACCESO ADICIONAL DE MATERIA--NOMBRE GEOGRÁFICO
Nombre geográfico Estados Unidos-
Subdivisión general Historia-
Subdivisión cronológica 1913-1921.
9 (RLIN) 166503
700 1# - ENTRADA AGREGADA--NOMBRE PERSONAL
Nombre de persona Blanco Fombona, Rufino,
Fechas asociadas al nombre 1874-1944
9 (RLIN) 29251
852 ## - LOCALIZACIÓN
Ubicación ES-MaACL
Número de control de estantería F-5079
Existencias
Estatus retirado Estado de pérdida Estado de daño No para préstamo Biblioteca de origen Biblioteca actual Ubicación en estantería Fecha de adquisición Fuente de adquisición Total de préstamos Signatura topográfica completa Código de barras Visto por última vez Precio de reemplazo Tipo de ítem Koha
        Biblioteca del Ateneo de Madrid Biblioteca del Ateneo de Madrid Depósito 2 17/01/2008     F-5079 1122998 23/02/2023 23/02/2023 Libro impreso